000 00745nam a22002057a 4500
005 20231016123201.0
008 231016b mx ||||| |||| 00| 0 spa d
020 _a9681680723
050 0 4 _aJL1231
_bF68 2006
100 1 _aFox Quesada, Vicente
245 1 0 _aVicente Fox Quesada
_b : ideas del cambio democrático en México
_c / Vicente Fox Quesada
250 _a1a ed.
260 _aMéxico :
_bFondo de Cultura Económica ;
_bGobierno de la República,
_c2006
300 _a168 paginas ;
_c24 cm.
490 0 _aColección editorial del gobierno del cambio
600 _aFox Quesada, Vicente
651 7 _2lemb
_aMéxico
_xJefes de estado
_y2000-2006
651 7 _2lemb
_aMéxico
_xPolítica y gobierno
_y2000-2006
942 _2lcc
_cLIB
999 _c168644
_d168642